000 00480nam a2200193Ia 4500
008 240510s9999 xx 000 0 und d
020 _a0000521576814
041 _aEng
082 _a005.11
082 _bC58
100 _aCOUSINEAU G. & MAUNY M.
245 4 _aTHE FUNCTIONAL APPROACH TO PROGRAMMING
260 _bUK : CAMEBRIDGE UNIVERSITY PRESS
260 _c1998
300 _a445 p.
650 _aPROGRAMMING : SOFTWARE ENGINEERING
942 _2ddc
942 _cRBK
999 _c25641
_d25641
945 _a1
_bMadushi Gamage
_c1
_dMadushi Gamage